Banijyik ganit (Record no. 5406)

MARC details
000 -LEADER
fixed length control field 00457cam a2200181ua 4500
001 - CONTROL NUMBER
control field 6259
005 - DATE AND TIME OF LATEST TRANSACTION
control field 20260515114024.0
008 - FIXED-LENGTH DATA ELEMENTS--GENERAL INFORMATION
fixed length control field 131127n ii |||gr||||Z||||||asm
040 ## - CATALOGING SOURCE
Transcribing agency MAIN
082 ## - DEWEY DECIMAL CLASSIFICATION NUMBER
Classification number 513
245 ## - TITLE STATEMENT
Title Banijyik ganit
Statement of responsibility, etc. By Praneswar pathak
260 ## - PUBLICATION, DISTRIBUTION, ETC.
Place of publication, distribution, etc. Dibrugarh:
Name of publisher, distributor, etc. Pathyaputhi prastuti samanay samiti,
Date of publication, distribution, etc. 1982.
300 ## - PHYSICAL DESCRIPTION
Extent x,375p.
653 ## - INDEX TERM--UNCONTROLLED
Uncontrolled term Commerce
653 ## - INDEX TERM--UNCONTROLLED
Uncontrolled term Banijyik ganit
700 ## - ADDED ENTRY--PERSONAL NAME
Personal name Pathak,Praneswar,
Relator term Author.
942 ## - ADDED ENTRY ELEMENTS (KOHA)
Koha item type Books
Holdings
Withdrawn status Lost status Damaged status Not for loan Home library Current library Shelving location Date acquired Total checkouts Full call number Barcode Date last seen Copy number Price effective from Koha item type
        Naharkatiya College Library Naharkatiya College Library General stacks 09/19/2020   513 | PAT 14066 09/19/2020 1 09/19/2020 Books
        Naharkatiya College Library Naharkatiya College Library General stacks 09/19/2020   513 | PAT 14067 09/19/2020 2 09/19/2020 Books
        Naharkatiya College Library Naharkatiya College Library General stacks 09/19/2020   513 | PAT 14105 09/19/2020 5 09/19/2020 Books
        Naharkatiya College Library Naharkatiya College Library General stacks 09/19/2020   513 | PAT 14106 09/19/2020 4 09/19/2020 Books
        Naharkatiya College Library Naharkatiya College Library General stacks 09/19/2020   513 | PAT 14107 09/19/2020 6 09/19/2020 Books
        Naharkatiya College Library Naharkatiya College Library General stacks 09/19/2020   513 | PAT 14108 09/19/2020 3 09/19/2020 Books